Library Banner

Muslim struggle for freedom in British India (Record no. 70842)

MARC details
000 -LEADER
fixed length control field 00382nam a22001457a 4500
005 - DATE AND TIME OF LATEST TRANSACTION
control field 20150506105039.0
008 - FIXED-LENGTH DATA ELEMENTS--GENERAL INFORMATION
fixed length control field 150506b xxu||||| |||| 00| 0 eng d
040 ## - CATALOGING SOURCE
Transcribing agency PK-LaUMT
082 ## - DEWEY DECIMAL CLASSIFICATION NUMBER
Classification number KHC 954.035
Item number RAZ-M
100 ## - MAIN ENTRY--PERSONAL NAME
Personal name Razi Wasti
245 ## - TITLE STATEMENT
Title Muslim struggle for freedom in British India
Statement of responsibility, etc Razi Wasti
260 ## - PUBLICATION, DISTRIBUTION, ETC. (IMPRINT)
Place of publication, distribution, etc Lahore
Name of publisher, distributor, etc Book traders
Date of publication, distribution, etc 1993
300 ## - PHYSICAL DESCRIPTION
Extent 397 p.
942 ## - ADDED ENTRY ELEMENTS (KOHA)
Koha item type Books
Holdings
Withdrawn status Lost status Damaged status Home library Current library Date acquired Full call number Barcode Date last seen Price effective from Koha item type
      UMT Main Campus UMT Main Campus 2015-05-06 KHC 954.035 RAZ-M 73702 2015-05-06 2015-05-06 Books